000 00987nas a2200277 4500
001 BR2011006992
003 BR-BrBNA
005 20231205115741.0
007 ta
008 230509b bl.|||p| |||| 00| 00por d
040 _aBR-BrBNA
_bpor
_cBiblioteca Nacional de Agricultura
041 _a(Pt)
072 _aN20; F06
100 1 _aPinto, J.M.
100 1 _aSilva, C.L. da
100 1 _aOliveira, C.A. da S.
245 1 _aInfluência de variáveis climáticas e hidráulicas no desempenho da irrigação de um pivô central no oeste baiano
650 _aEQUIPAMENTO DE IRRIGAÇÃO
650 _aPERFORMANCE
650 _aPRESSÃO HIDROSTÁTICA
650 _aUMIDADE RELATIVA
773 0 _tEngenharia Agrícola (Brazil)
_xISSN 1808-4389
_g(Jan-Apr 2006), v. 26(1) p. 76-85
_wBR2011006992
856 4 0 _uhttp://www.scielo.br/scielo.php?script=sci_arttext pid=S0100-69162006000100009 lng=pt nrm=iso tlng=pt
909 _a202311
_bLúcia
_c55
_dLúcia Elande
942 _2AGRIS
_n0
_cANA
999 _c215510
_d215510